| 000 | 00821nam a2200265 a 4500 | ||
|---|---|---|---|
| 001 | 77354 | ||
| 003 | BD-RjUL | ||
| 005 | 20211209082949.0 | ||
| 008 | 200316s19601956enk b 001 0 eng d | ||
| 035 | _aoxf98306700 | ||
| 035 | _a(OCoLC)361251 | ||
| 035 | _a(BD-RjUL)77579 | ||
| 040 |
_aOUN _dm.c _dEQO _beng _cBD-RjUL |
||
| 041 | _aeng | ||
| 082 |
_223 _a821.7 _bBAW 1960 |
||
| 100 | 1 |
_aBateson, Frederick Wilse, _d1901-1978 _9241000 |
|
| 245 | 1 | 0 |
_aWordsworth : _ba re-interpretation / _cF.W. Bateson. |
| 250 | _a2nd ed. | ||
| 260 |
_aLondon ; _aNew York : _bLongmans, Green, _c1956, [impressions 1960] |
||
| 300 |
_axi, 227 p. ; _c23 cm. |
||
| 504 | _aBibliographical footnotes. | ||
| 600 | 1 | 0 |
_aWordsworth, William, _d1770-1850 _xCriticism and interpretation. _9241002 |
| 942 |
_2ddc _cBK |
||
| 999 |
_c77354 _d77354 |
||